[Event "British Columbia-ch"]
[Site "North Vancouver CAN"]
[Date "2023.10.08"]
[Round "4.2"]
[White "Doknjas, John"]
[Black "Kaufman, Raymond"]
[Result "1-0"]
[WhiteElo "2299"]
[BlackElo "2307"]
[PlyCount "103"]
[GameId "2160767907030192"]
[EventDate "2023.10.06"]
[EventType "tourn"]
[EventRounds "7"]
[EventCountry "CAN"]

1. d4 d5 2. c4 e6 3. Nc3 a6 4. cxd5 exd5 5. Qb3 Bd6 6. Qxd5 Nc6 7. Nf3 Nb4 8. Qb3 Be6 9. Qd1 Qe7 10. e4 c5 11. d5 Bf5 12. Qe2 c4 13. Kd1 Bg4 14. Qxc4 Rc8 15. Qb3 Nf6 16. a3 Rxc3 17. bxc3 Nxe4 18. axb4 Nxf2+ 19. Kc2 Qe4+ 20. Kb2 Nxh1 21. Bb5+ Bd7 22. Qc4 Qxc4 23. Bxc4 Nf2 24. b5 Ke7 25. bxa6 bxa6 26. Bg5+ f6 27. Be3 Rb8+ 28. Kc1 Ne4 29. Bd4 Bb5 30. Bxb5 axb5 31. Ra7+ Kf8 32. Kb2 b4 33. c4 Nc5 34. Ra5 Nd3+ 35. Kc2 Nf4 36. Kb3 Rc8 37. Ra6 Ke7 38. Ra7+ Kf8 39. Ra6 Ke7 40. Ra7+ Kf8 41. Rd7 Bb8 42. Kxb4 Nxg2 43. c5 Nf4 44. d6 Ne6 45. Kb5 Nd8 46. Kb6 Rc6+ 47. Kb5 Rc8 48. Bf2 Nf7 49. Bg3 Ke8 50. Re7+ Kf8 51. Nd4 Re8 52. Ne6+ 1-0

[Event "British Columbia-ch"]
[Site "North Vancouver CAN"]
[Date "2023.10.08"]
[Round "5.3"]
[White "Kaufman, Raymond"]
[Black "MacKinnon, Keith"]
[Result "0-1"]
[WhiteElo "2307"]
[BlackElo "2325"]
[PlyCount "81"]
[GameId "2160767907030197"]
[EventDate "2023.10.06"]
[EventType "tourn"]
[EventRounds "7"]
[EventCountry "CAN"]

1. e4 c5 2. Nf3 e6 3. d4 cxd4 4. Nxd4 Nc6 5. Nc3 Qc7 6. Be3 a6 7. a3 b5 8. Nxc6 Qxc6 9. Be2 Bb7 10. O-O Rc8 11. f4 Bc5 12. Bxc5 Qxc5+ 13. Kh1 Nf6 14. Bf3 d6 15. Qd2 Rd8 16. Rad1 Rd7 17. Qe2 O-O 18. e5 Bxf3 19. Qxf3 Ne8 20. Rd3 Qc7 21. Rfd1 d5 22. Qg4 g6 23. Qg5 f6 24. exf6 Rxf6 25. Rf3 Rdf7 26. Rdf1 Nd6 27. Qe5 Nc4 28. Qd4 Qa7 29. Qd3 Nxb2 30. Qe2 Qc7 31. g4 Kg7 32. Qf2 Qa7 33. Qh4 Nc4 34. Rh3 Kg8 35. Ne2 Nd2 36. Rg1 Ne4 37. Rf3 g5 38. Qe1 Qc5 39. Rgf1 Qxc2 40. Nd4 Qd2 41. f5 0-1

[Event "British Columbia-ch"]
[Site "North Vancouver CAN"]
[Date "2023.10.09"]
[Round "6.3"]
[White "Yang, Jingyun (Ryan)"]
[Black "Kaufman, Raymond"]
[Result "1/2-1/2"]
[WhiteElo "2212"]
[BlackElo "2307"]
[PlyCount "29"]
[GameId "2160767907030201"]
[EventDate "2023.10.06"]
[EventType "tourn"]
[EventRounds "7"]
[EventCountry "CAN"]

1. e4 e5 2. Nc3 Nf6 3. f4 d5 4. fxe5 Nxe4 5. Qf3 Nxc3 6. dxc3 Be7 7. Bf4 Be6 8. O-O-O c5 9. Bc4 Nc6 10. Bxd5 Nd4 11. cxd4 Bxd5 12. Qg3 Qa5 13. a3 O-O-O 14. Ne2 Bc4 15. Rhe1 1/2-1/2

[Event "British Columbia-ch"]
[Site "North Vancouver CAN"]
[Date "2023.10.09"]
[Round "7.2"]
[White "Kaufman, Raymond"]
[Black "Doknjas, Neil"]
[Result "1/2-1/2"]
[WhiteElo "2307"]
[BlackElo "2300"]
[PlyCount "24"]
[GameId "2160767907030204"]
[EventDate "2023.10.06"]
[EventType "tourn"]
[EventRounds "7"]
[EventCountry "CAN"]

1. c4 e6 2. g3 d5 3. Bg2 Nf6 4. Nf3 Be7 5. d4 O-O 6. Nc3 dxc4 7. Ne5 Nc6 8. Bxc6 bxc6 9. Nxc6 Qe8 10. Nxe7+ Qxe7 11. Qa4 c5 12. Qxc4 cxd4 1/2-1/2

[Event "CAN op"]
[Site "Calgary CAN"]
[Date "2023.07.23"]
[Round "2.14"]
[White "Kaufman, Raymond"]
[Black "Hoekman, Samuel"]
[Result "1/2-1/2"]
[Annotator ",hugh_brodie@hotmail."]
[WhiteElo "2333"]
[BlackElo "2005"]
[PlyCount "80"]
[GameId "2160767738168052"]
[EventDate "2023.07.22"]
[EventType "swiss"]
[EventRounds "10"]
[EventCountry "CAN"]

1. d4 e6 2. c4 f5 3. g3 Nf6 4. Bg2 Be7 5. Nc3 O-O 6. Nh3 d6 7. e4 e5 8. dxe5 dxe5 9. Qxd8 Bxd8 10. exf5 Nc6 11. Be3 Bxf5 12. O-O-O Be7 13. Nd5 Nxd5 14. Bxd5+ Kh8 15. Ng5 Bxg5 16. Bxg5 Bg4 17. Rd2 Bf3 18. Bxf3 Rxf3 19. Re1 h6 20. Be3 Raf8 21. Rd7 R8f7 22. Red1 Kh7 23. R1d5 Nb4 24. Rxf7 Rxf7 25. Rb5 Nd3+ 26. Kc2 c6 27. Rb3 Nxf2 28. Bxa7 Ng4 29. h3 Nf6 30. Bb8 e4 31. Re3 Kg6 32. b4 Rd7 33. g4 h5 34. gxh5+ Kxh5 35. Be5 Re7 36. Bd4 Kg6 37. a4 Kf5 38. a5 Rd7 39. Bc3 Ne8 40. Re1 Nf6 {Rest of moves unreadable. Draw on move 58.} 1/2-1/2

[Event "CAN op"]
[Site "Calgary CAN"]
[Date "2023.07.23"]
[Round "3.14"]
[White "Su, Ethan"]
[Black "Kaufman, Raymond"]
[Result "0-1"]
[WhiteElo "2071"]
[BlackElo "2333"]
[PlyCount "95"]
[GameId "2160767907085175"]
[EventDate "2023.07.22"]
[EventType "swiss"]
[EventRounds "10"]
[EventCountry "CAN"]

1. d4 Nf6 2. c4 e6 3. g3 Bb4+ 4. Nd2 O-O 5. Bg2 d5 6. Ngf3 Nbd7 7. O-O Re8 8. a3 Bf8 9. b4 c6 10. Bb2 b5 11. c5 a5 12. Ne5 Nxe5 13. dxe5 Nd7 14. f4 g6 15. e4 Bg7 16. Re1 g5 17. Nf3 gxf4 18. gxf4 axb4 19. axb4 Rxa1 20. Bxa1 Nf8 21. Nd4 Ng6 22. Nxc6 Qh4 23. f5 Nf4 24. f6 Bh6 25. Re3 Kh8 26. Rg3 Nxg2 27. Kxg2 Bf4 28. Qg4 Qxg4 29. Rxg4 Bd2 30. exd5 exd5 31. Rd4 Be3 32. Rd3 Bf4 33. Ne7 Be6 34. Bd4 Bh6 35. Be3 Bf8 36. Nxd5 Bf5 37. Ra3 Be4+ 38. Kg3 Bxd5 39. Bf4 h6 40. Kf2 Ra8 41. Rd3 Be6 42. Bd2 Kh7 43. c6 Rc8 44. c7 Rxc7 45. Rd8 Rc8 46. Rxc8 Bxc8 47. h4 Kg6 48. Kg3 0-1

[Event "CAN op"]
[Site "Calgary CAN"]
[Date "2023.07.24"]
[Round "4"]
[White "Kaufman, Raymond"]
[Black "Mannion, Stephen"]
[Result "1/2-1/2"]
[WhiteElo "2206"]
[BlackElo "2203"]
[PlyCount "85"]
[GameId "2160767907085220"]
[EventDate "2023.07.22"]
[EventType "swiss"]
[EventRounds "10"]
[EventCountry "CAN"]
[SourceTitle "EXT 2024"]
[Source "ChessBase"]
[SourceDate "2023.10.10"]
[SourceVersion "1"]
[SourceVersionDate "2023.10.10"]
[SourceQuality "1"]

1. e4 e5 2. Nf3 Nf6 3. d4 Nxe4 4. Bd3 d5 5. Nxe5 Nd7 6. Nc3 Nxe5 7. dxe5 Nxc3 8. bxc3 Bc5 9. O-O O-O 10. Kh1 c6 11. f4 f5 12. Rb1 Qe7 13. Qe2 b5 14. Be3 Be6 15. Qf2 Bxe3 16. Qxe3 Qa3 17. Rb3 Qxa2 18. Qc5 Qa6 19. Ra3 Qb6 20. Qd6 Rfe8 21. g4 Rad8 22. Qb4 d4 23. gxf5 Bd5+ 24. Kg1 dxc3+ 25. Rf2 Qe3 26. Rxc3 a5 27. Qc5 Qxc5 28. Rxc5 a4 29. c4 bxc4 30. Bxc4 Rf8 31. Rxc6 Bxc4 32. Rxc4 Rxf5 33. Rxa4 g5 34. Re4 gxf4 35. Rfxf4 Rxf4 36. Rxf4 Rd5 37. Rf5 Kg7 38. h4 Kg6 39. Rg5+ Kf7 40. Kg2 Ke6 41. Rh5 Rxe5 42. Rxh7 Kf6 43. Ra7 1/2-1/2

[Event "CAN op"]
[Site "Calgary CAN"]
[Date "2023.07.25"]
[Round "5"]
[White "Haessel, Dale"]
[Black "Kaufman, Raymond"]
[Result "1-0"]
[WhiteElo "2039"]
[BlackElo "2206"]
[PlyCount "63"]
[GameId "2160767907093481"]
[EventDate "2023.07.22"]
[EventType "swiss"]
[EventRounds "10"]
[EventCountry "CAN"]
[SourceTitle "CBM 215 Extra"]
[Source "ChessBase"]
[SourceDate "2023.09.30"]
[SourceVersion "1"]
[SourceVersionDate "2023.09.30"]
[SourceQuality "1"]

1. d4 Nf6 2. c4 e6 3. Nc3 Bb4 4. f3 d5 5. a3 Be7 6. e4 dxe4 7. fxe4 c5 8. d5 exd5 9. cxd5 Bd6 10. Nf3 O-O 11. Bd3 Re8 12. O-O Bg4 13. Qb3 Nbd7 14. Qxb7 c4 15. Bc2 Bxf3 16. gxf3 Rb8 17. Qa6 Ne5 18. f4 Bc5+ 19. Kh1 Qd7 20. fxe5 Qh3 21. Qxc4 Ng4 22. Bf4 Nf2+ 23. Rxf2 Bxf2 24. Qe2 Bd4 25. Ba4 Rec8 26. Rd1 Bxc3 27. bxc3 Qxc3 28. e6 Rb2 29. exf7+ Kxf7 30. Qh5+ Kg8 31. Be5 Qe3 32. Qg4 1-0

[Event "CAN op"]
[Site "Calgary CAN"]
[Date "2023.07.26"]
[Round "6.15"]
[White "Marchand, Calix"]
[Black "Kaufman, Raymond"]
[Result "1-0"]
[WhiteElo "2101"]
[BlackElo "2333"]
[PlyCount "125"]
[GameId "2160767907093571"]
[EventDate "2023.07.22"]
[EventType "swiss"]
[EventRounds "10"]
[EventCountry "CAN"]

1. e4 c5 2. c3 d5 3. exd5 Nf6 4. Bb5+ Bd7 5. Bxd7+ Qxd7 6. c4 e6 7. dxe6 Qxe6+ 8. Qe2 Qxe2+ 9. Kxe2 Nc6 10. Nf3 O-O-O 11. Rd1 Nb4 12. a3 Nd3 13. Ne1 Nf4+ 14. Kf1 Bd6 15. d3 Ne6 16. Nf3 Ng4 17. Nc3 Ne5 18. Nxe5 Bxe5 19. Be3 f5 20. f3 Bxh2 21. Nd5 Rhe8 22. b4 Bd6 23. Rab1 b6 24. Bf2 h5 25. Rb2 Kd7 26. Re1 Nc7 27. bxc5 Rxe1+ 28. Kxe1 bxc5 29. Rb7 Kc8 30. Rxa7 Kb8 31. Ra5 Nxd5 32. cxd5 Re8+ 33. Kd1 Rc8 34. Ra6 Bf8 35. Re6 Rd8 36. Bh4 Rxd5 37. Re8+ Kb7 38. Rxf8 Rxd3+ 39. Ke2 Rxa3 40. Rxf5 Ra2+ 41. Kf1 Kc6 42. Bf2 Ra1+ 43. Ke2 Ra2+ 44. Ke3 Ra3+ 45. Ke4 Ra4+ 46. Kd3 c4+ 47. Kd4 Ra2 48. Ke3 Ra3+ 49. Ke2 Ra2+ 50. Ke3 Ra3+ 51. Ke4 Ra2 52. Be3 Rxg2 53. Rxh5 Kd6 54. Rd5+ Ke6 55. Rc5 Rc2 56. Kd4 Rh2 57. Rxc4 Rh4+ 58. Kd3 Rh3 59. f4 Kd5 60. Rc5+ Kd6 61. Rg5 Rh7 62. Bd4 Rh4 63. Ke4 1-0

[Event "Greater Vancouver II"]
[Site "Burnaby CAN"]
[Date "2023.06.04"]
[Round "4.1"]
[White "Aljo, Johan"]
[Black "Kaufman, Raymond"]
[Result "1-0"]
[WhiteElo "2040"]
[BlackElo "2333"]
[PlyCount "103"]
[GameId "2160767907190832"]
[EventDate "2023.06.03"]
[EventType "swiss"]
[EventRounds "5"]
[EventCountry "CAN"]

1. d4 Nf6 2. c4 g6 3. Nc3 d5 4. Nf3 Bg7 5. Qb3 dxc4 6. Qxc4 O-O 7. e4 Be6 8. d5 Bc8 9. Be2 c6 10. O-O cxd5 11. exd5 Ne8 12. Bf4 Na6 13. Qb3 Nd6 14. Qa3 Bf5 15. Bxa6 bxa6 16. Qxa6 Ne4 17. Ne5 Bxe5 18. Bxe5 f6 19. Nxe4 Bxe4 20. Bc3 Qxd5 21. Rad1 Qc6 22. Qxc6 Bxc6 23. Bb4 Kf7 24. Rc1 Rfc8 25. Rfe1 e6 26. a3 a5 27. Bc3 a4 28. f3 e5 29. Kf2 Ke6 30. Bb4 Bd5 31. Ke3 f5 32. Red1 g5 33. Kf2 Rab8 34. Bc3 e4 35. fxe4 Bxe4 36. Bb4 f4 37. Rd6+ Ke5 38. Rdd1 g4 39. Bd6+ Ke6 40. Bxb8 Rxb8 41. Rd2 f3 42. Rc4 Bd5 43. Rcd4 Rb5 44. gxf3 Bxf3 45. Rxa4 h5 46. Kg3 Re5 47. Rf4 Re3 48. Kf2 Rb3 49. Rb4 Rxb4 50. axb4 Ke5 51. Ke3 Be4 52. Rd8 1-0

[Event "Grand Pacific op"]
[Site "Victoria CAN"]
[Date "2023.04.07"]
[Round "1.2"]
[White "Kaufman, Raymond"]
[Black "North, Robert"]
[Result "1-0"]
[WhiteElo "2347"]
[BlackElo "2043"]
[PlyCount "59"]
[GameId "2160767907232998"]
[EventDate "2023.04.07"]
[EventType "swiss"]
[EventRounds "6"]
[EventCountry "CAN"]

1. d4 Nf6 2. c4 g6 3. Nc3 d5 4. cxd5 Nxd5 5. e4 Nxc3 6. bxc3 Bg7 7. Bc4 O-O 8. Ne2 c5 9. O-O Nc6 10. Be3 Qa5 11. Rb1 cxd4 12. cxd4 Rd8 13. Qb3 e6 14. d5 exd5 15. Bxd5 Qc7 16. Rfc1 Qd7 17. h3 Qe8 18. Rd1 Be6 19. Qxb7 Bxd5 20. exd5 Ne5 21. Qa6 Rd7 22. Rbc1 Rad8 23. Bg5 f6 24. Be3 Qf7 25. Nf4 Re8 26. Ne6 g5 27. Rc8 Rde7 28. Rdc1 h6 29. Rxe8+ Rxe8 30. Rc7 1-0

[Event "Grand Pacific op"]
[Site "Victoria CAN"]
[Date "2023.04.09"]
[Round "4.1"]
[White "Doknjas, Neil"]
[Black "Kaufman, Raymond"]
[Result "1/2-1/2"]
[WhiteElo "2244"]
[BlackElo "2347"]
[PlyCount "110"]
[GameId "2160767907233026"]
[EventDate "2023.04.07"]
[EventType "swiss"]
[EventRounds "6"]
[EventCountry "CAN"]

1. e4 g6 2. d4 Bg7 3. Nc3 c6 4. Nf3 d5 5. exd5 cxd5 6. Bb5+ Nc6 7. O-O Bg4 8. h3 Bxf3 9. Qxf3 a6 10. Bxc6+ bxc6 11. Ne2 Nf6 12. c3 O-O 13. Nf4 Nd7 14. Nd3 e5 15. dxe5 Nxe5 16. Nxe5 Bxe5 17. Bf4 Bxf4 18. Qxf4 Qb6 19. b3 Rfe8 20. Rfe1 Qa5 21. Qf6 c5 22. Red1 Rad8 23. b4 cxb4 24. cxb4 Qxb4 25. Qxa6 d4 26. Rab1 Qc3 27. Rbc1 Qb2 28. Rb1 Qc2 29. Rbc1 Qf5 30. Rd2 d3 31. Rcd1 Rd5 32. Qc4 Re4 33. Qb3 h5 34. Qb8+ Kh7 35. Qg3 h4 36. Qf3 Qxf3 37. gxf3 Red4 38. a4 Kh6 39. a5 Rxa5 40. Rxd3 Rf4 41. Rd4 Rxf3 42. Rxh4+ Kg5 43. Rg4+ Kh5 44. Kg2 Raf5 45. Rd2 Ra3 46. Rg3 Ra1 47. Rdd3 Rfa5 48. Rd7 Rf5 49. Rdd3 Ra2 50. Rdf3 Rxf3 51. Rxf3 f5 52. Rf4 Kg5 53. Rb4 Ra3 54. Rb5 Kh5 55. Rc5 Rb3 1/2-1/2

[Event "Grand Pacific op"]
[Site "Victoria CAN"]
[Date "2023.04.09"]
[Round "5.2"]
[White "Kaufman, Raymond"]
[Black "Malek, Omid"]
[Result "0-1"]
[WhiteElo "2347"]
[BlackElo "2153"]
[PlyCount "52"]
[GameId "2160767907233037"]
[EventDate "2023.04.07"]
[EventType "swiss"]
[EventRounds "6"]
[EventCountry "CAN"]

1. c4 f5 2. g3 Nf6 3. Bg2 g6 4. Nc3 Bg7 5. d4 d6 6. Nf3 O-O 7. O-O c6 8. d5 e5 9. dxc6 bxc6 10. b3 Qc7 11. Ba3 Rd8 12. Qc2 Qa5 13. Na4 e4 14. Ng5 Na6 15. Rad1 Qe5 16. Qd2 d5 17. Qa5 Bb7 18. Nh3 Qe8 19. Bb2 Qe7 20. Nf4 dxc4 21. bxc4 e3 22. Rxd8+ Rxd8 23. Ne6 exf2+ 24. Kh1 Rb8 25. Nxg7 c5 26. e4 Qxe4 0-1

[Event "Grand Pacific op"]
[Site "Victoria CAN"]
[Date "2023.04.10"]
[Round "6.5"]
[White "Taylor, Tristan"]
[Black "Kaufman, Raymond"]
[Result "0-1"]
[WhiteElo "2114"]
[BlackElo "2347"]
[PlyCount "74"]
[GameId "2160767907233051"]
[EventDate "2023.04.07"]
[EventType "swiss"]
[EventRounds "6"]
[EventCountry "CAN"]

1. e4 c5 2. Nf3 Nf6 3. e5 Nd5 4. Nc3 Nxc3 5. dxc3 Nc6 6. Bf4 e6 7. Qd2 Be7 8. O-O-O b6 9. g4 Bb7 10. Qe3 Qc7 11. Rg1 O-O-O 12. Ng5 Bxg5 13. Bxg5 Qxe5 14. Qxe5 Nxe5 15. Bxd8 Rxd8 16. f4 Ng6 17. f5 Nf4 18. Re1 g5 19. Bd3 Rh8 20. Rgf1 h5 21. fxe6 dxe6 22. h4 Nxd3+ 23. cxd3 gxh4 24. gxh5 h3 25. Rxf7 h2 26. Rxb7 Kxb7 27. Rh1 Rxh5 28. Kd2 Kc6 29. Ke2 Rh3 30. a4 a5 31. Ke1 Kd5 32. Kf1 e5 33. Ke2 c4 34. dxc4+ Kxc4 35. Kd2 Kb3 36. Kc1 e4 37. Kb1 Rg3 0-1

[Event "Aurora Spring op"]
[Site "Newmarket CAN"]
[Date "2023.03.25"]
[Round "1"]
[White "Kaufman, Raymond"]
[Black "Huh, Isaak"]
[Result "1-0"]
[WhiteElo "2143"]
[BlackElo "1801"]
[PlyCount "75"]
[GameId "2160767907254072"]
[EventDate "2023.03.25"]
[EventType "swiss"]
[EventRounds "5"]
[EventCountry "CAN"]

1. c4 Nf6 2. Nc3 g6 3. e4 d6 4. d4 Bg7 5. Nf3 O-O 6. Be2 e5 7. O-O Nc6 8. d5 Ne7 9. b4 a5 10. bxa5 Rxa5 11. a4 Nd7 12. Ba3 h6 13. Nd2 f5 14. Nb3 Ra8 15. c5 Nf6 16. Nd2 Ne8 17. Nc4 f4 18. Nb5 Rf6 19. Rc1 dxc5 20. Bxc5 Nd6 21. Bf3 Nxc4 22. Rxc4 Bd7 23. Bxe7 Qxe7 24. Rxc7 Rb6 25. Bg4 Bxg4 26. Qxg4 Qf6 27. d6 Rxd6 28. Nxd6 Qxd6 29. Rfc1 h5 30. Qh3 Rd8 31. Qb3+ Kh7 32. Rxb7 Qd2 33. Rf1 Rf8 34. Rd1 Qe2 35. h4 Qxe4 36. Rdd7 Rg8 37. Qxg8+ Kxg8 38. Rxg7+ 1-0

[Event "Aurora Spring op"]
[Site "Newmarket CAN"]
[Date "2023.03.25"]
[Round "2"]
[White "Reprintsev, Alexander"]
[Black "Kaufman, Raymond"]
[Result "0-1"]
[WhiteElo "2279"]
[BlackElo "2143"]
[PlyCount "116"]
[GameId "2160767907254085"]
[EventDate "2023.03.25"]
[EventType "swiss"]
[EventRounds "5"]
[EventCountry "CAN"]

1. e4 c5 2. b3 g6 3. Bb2 Nf6 4. g4 Bg7 5. g5 Nh5 6. Bxg7 Nxg7 7. Nc3 Nc6 8. Nd5 h6 9. gxh6 Nh5 10. Qf3 e6 11. Ne3 Ne5 12. Qd1 d5 13. exd5 Nf4 14. Nh3 Nxd5 15. Bg2 Rxh6 16. Qe2 Qf6 17. Bxd5 Rxh3 18. O-O-O Nc4 19. d4 Nxe3 20. Qb5+ Kf8 21. Bxb7 Nxd1 22. Bxa8 Nxf2 23. Qxc5+ Kg7 24. Re1 Rxh2 25. Kb1 Ba6 26. Qxa7 Nd3 27. Rd1 Qf2 28. Qc7 Nb4 29. Be4 Rh4 30. a3 Rxe4 31. axb4 Re1 32. Rxe1 Qxe1+ 33. Kb2 Qxb4 34. Qe5+ Kg8 35. c3 Qb5 36. Qc7 Qb7 37. Qc5 Qd5 38. Qb6 Bd3 39. c4 Bxc4 40. bxc4 Qxc4 41. Qd6 Qd5 42. Qf4 Kg7 43. Kc3 g5 44. Qg3 Qa5+ 45. Kc4 Kg6 46. Qb8 Qd5+ 47. Kc3 Qf3+ 48. Kc4 Qe2+ 49. Kc3 Qe3+ 50. Kc4 Kf5 51. Qh8 f6 52. Qh5 Qe4 53. Qh7+ Kf4 54. Qh2+ Kg4 55. Qg1+ Kh5 56. Qh2+ Kg6 57. Qh8 e5 58. Qe8+ Kf5 0-1

[Event "Aurora Spring op"]
[Site "Newmarket CAN"]
[Date "2023.03.26"]
[Round "4"]
[White "Rodrigue-Lemieux, Shawn"]
[Black "Kaufman, Raymond"]
[Result "1-0"]
[WhiteElo "2456"]
[BlackElo "2143"]
[PlyCount "105"]
[GameId "2160767907254102"]
[EventDate "2023.03.25"]
[EventType "swiss"]
[EventRounds "5"]
[EventCountry "CAN"]

1. e4 e6 2. d4 d5 3. Nd2 c5 4. exd5 Qxd5 5. Ngf3 cxd4 6. g3 Bd7 7. Bc4 Qc5 8. O-O Nc6 9. a3 Nf6 10. b4 Qb6 11. Bb2 Be7 12. Re1 Rd8 13. Nb3 a6 14. Bd3 O-O 15. Nbxd4 Nxd4 16. Bxd4 Qc7 17. Be5 Qc8 18. c4 Ba4 19. Qe2 Rd7 20. Rac1 Rfd8 21. Bb1 Bc6 22. Bc3 Bxf3 23. Qxf3 h6 24. h4 Qc6 25. Qxc6 bxc6 26. Bc2 c5 27. Ba4 Rd3 28. b5 axb5 29. Bxb5 Ng4 30. a4 Rf3 31. Bc6 Rfd3 32. a5 Bf6 33. Bxf6 gxf6 34. Bb7 Ne5 35. Kg2 Rd2 36. Ra1 Ng4 37. a6 Nxf2 38. a7 Nd3+ 39. Kf1 Nxe1 40. Kxe1 Rc2 41. a8=Q Rxa8 42. Rxa8+ Kg7 43. Ba6 Ra2 44. Bb7 Rc2 45. Ra4 f5 46. Bf3 Kf6 47. Be2 Ke5 48. Ra7 f6 49. Re7 Ra2 50. Kf2 Rb2 51. Ke3 Rb8 52. Rh7 Rg8 53. Kf3 1-0

[Event "Aurora Spring op"]
[Site "Newmarket CAN"]
[Date "2023.03.26"]
[Round "5"]
[White "Kaufman, Raymond"]
[Black "Noritsyn, Nikolay"]
[Result "1/2-1/2"]
[WhiteElo "2143"]
[BlackElo "2460"]
[PlyCount "80"]
[GameId "2160767907254108"]
[EventDate "2023.03.25"]
[EventType "swiss"]
[EventRounds "5"]
[EventCountry "CAN"]

1. d4 e6 2. Nf3 f5 3. Bf4 Nf6 4. e3 b6 5. Be2 Bb7 6. h3 Be7 7. O-O O-O 8. c4 Ne4 9. Nfd2 Nxd2 10. Nxd2 d6 11. Bf3 Qc8 12. Qb3 c5 13. Rad1 Nc6 14. d5 Na5 15. Qc2 e5 16. Bh2 Qe8 17. a3 Bc8 18. Bxe5 dxe5 19. d6 e4 20. Nxe4 Bh4 21. Nxc5 bxc5 22. Bxa8 Nc6 23. Qa4 Bd7 24. Bb7 Kh8 25. Qa6 Bf6 26. Rd2 g5 27. Rfd1 g4 28. hxg4 fxg4 29. Bxc6 Bxc6 30. d7 Qe4 31. Rd5 Bxd7 32. Rxd7 g3 33. Qd6 gxf2+ 34. Kf1 Qxc4+ 35. Qd3 Qh4 36. Qd5 Be7 37. Qe5+ Bf6 38. Qd5 Be7 39. Qe5+ Bf6 40. Qd5 Be7 1/2-1/2

[Event "British Columbia-Washington m"]
[Site "chess.com"]
[Date "2021.01.16"]
[Round "1.2"]
[White "Kaufman, Raymond"]
[Black "Nguyen, Thanh Tien"]
[Result "1/2-1/2"]
[WhiteElo "2364"]
[BlackElo "2027"]
[PlyCount "81"]
[GameId "2160767907635321"]
[EventDate "2021.01.16"]
[EventType "team (rapid)"]
[EventRounds "5"]
[EventCountry "CAN"]

1. d4 Nf6 2. c4 g6 3. f3 d5 4. cxd5 Nxd5 5. e4 Nb6 6. Nc3 Bg7 7. Be3 O-O 8. Qd2 Nc6 9. O-O-O e5 10. d5 Nd4 11. f4 c5 12. fxe5 Bg4 13. Re1 Bxe5 14. h3 Qh4 15. Bd3 Bd7 16. Nf3 Nxf3 17. gxf3 Qf6 18. Bg5 Qh8 19. f4 Bd4 20. e5 f6 21. Bh6 fxe5 22. Bxf8 Rxf8 23. fxe5 Bxe5 24. Ref1 Re8 25. Ne4 c4 26. Bc2 Bxb2+ 27. Kb1 Ba1 28. Kc1 Bd4 29. Qg5 Qg7 30. Nf6+ Bxf6 31. Rxf6 Qe7 32. Bxg6 Qa3+ 33. Kd1 Ba4+ 34. Bc2+ Kh8 35. Re6 Bxc2+ 36. Kxc2 Qd3+ 37. Kc1 Qc3+ 38. Kb1 Qd3+ 39. Kc1 Qc3+ 40. Kb1 Qd3+ 41. Kc1 1/2-1/2

[Event "British Columbia-Washington m"]
[Site "chess.com"]
[Date "2021.01.16"]
[Round "2.7"]
[White "Moroney, Timothy"]
[Black "Kaufman, Raymond"]
[Result "0-1"]
[WhiteElo "2048"]
[BlackElo "2364"]
[PlyCount "42"]
[GameId "2160767907635338"]
[EventDate "2021.01.16"]
[EventType "team (rapid)"]
[EventRounds "5"]
[EventCountry "CAN"]

1. e4 d6 2. d4 Nf6 3. Nc3 e5 4. Nf3 Nbd7 5. g4 Nxg4 6. Rg1 Ngf6 7. Bc4 h6 8. Be3 c6 9. dxe5 dxe5 10. Bxf7+ Kxf7 11. Nxe5+ Nxe5 12. Qxd8 Nf3+ 13. Kd1 Nxg1 14. Qc7+ Be7 15. Qg3 Bg4+ 16. Ke1 Nf3+ 17. Kf1 h5 18. e5 h4 19. Qf4 g5 20. Qc4+ Be6 21. Qe2 Bh3# 0-1

[Event "British Columbia-Washington m"]
[Site "chess.com"]
[Date "2021.01.16"]
[Round "3.5"]
[White "Kaufman, Raymond"]
[Black "Vijayakumar, Advaith"]
[Result "1-0"]
[WhiteElo "2364"]
[BlackElo "2026"]
[PlyCount "55"]
[GameId "2160767907635348"]
[EventDate "2021.01.16"]
[EventType "team (rapid)"]
[EventRounds "5"]
[EventCountry "CAN"]

1. d4 Nf6 2. c4 e6 3. Nf3 d5 4. Nc3 dxc4 5. e4 b5 6. e5 Nd5 7. Nxb5 Nb6 8. Be2 Nc6 9. O-O Be7 10. Be3 O-O 11. a4 Rb8 12. a5 Nd5 13. Bxc4 Nxe3 14. fxe3 a6 15. Nc3 Rxb2 16. Ne4 Bb7 17. Qc1 Rb4 18. Bd3 Qd7 19. Nc5 Bxc5 20. Qxc5 Qd5 21. Bxh7+ Kxh7 22. Qxf8 Rb2 23. Ng5+ Kh6 24. Qh8+ Kg6 25. Qh7+ Kxg5 26. h4+ Kg4 27. Rf4+ Kg3 28. Qxg7# 1-0

[Event "British Columbia-Washington m"]
[Site "chess.com"]
[Date "2021.01.17"]
[Round "4.3"]
[White "Mahajan, Rushaan"]
[Black "Kaufman, Raymond"]
[Result "1/2-1/2"]
[WhiteElo "2209"]
[BlackElo "2364"]
[PlyCount "44"]
[GameId "2160767907635358"]
[EventDate "2021.01.16"]
[EventType "team (rapid)"]
[EventRounds "5"]
[EventCountry "CAN"]

1. Nf3 d5 2. g3 c5 3. Bg2 Nf6 4. d4 cxd4 5. O-O e6 6. Nxd4 Bc5 7. Nb3 Bb6 8. Nc3 Nc6 9. e4 d4 10. Ne2 e5 11. Bg5 h6 12. Bxf6 Qxf6 13. c3 Bg4 14. cxd4 Nxd4 15. Nbxd4 Bxd4 16. Qd3 Bxe2 17. Qxe2 O-O 18. Bh3 Rad8 19. Rac1 Bb6 20. Rfd1 Rxd1+ 21. Rxd1 Rd8 22. Rxd8+ Qxd8 1/2-1/2

[Event "British Columbia-Washington m"]
[Site "chess.com"]
[Date "2021.01.17"]
[Round "5.5"]
[White "Kaufman, Raymond"]
[Black "Min, Ryan"]
[Result "1-0"]
[WhiteElo "2364"]
[BlackElo "1915"]
[PlyCount "45"]
[GameId "2160767907635372"]
[EventDate "2021.01.16"]
[EventType "team (rapid)"]
[EventRounds "5"]
[EventCountry "CAN"]

1. e4 g6 2. d4 Bg7 3. Nf3 d6 4. Bc4 e6 5. Nc3 a6 6. O-O b5 7. Bd3 Nd7 8. a4 b4 9. Ne2 a5 10. Ng3 Bb7 11. c3 bxc3 12. bxc3 c5 13. Bf4 cxd4 14. Bxd6 dxc3 15. Bb5 c2 16. Qxc2 Bxa1 17. Rxa1 Ne7 18. Ne5 Rc8 19. Qb2 Nc6 20. Nxc6 Rxc6 21. Qxh8+ Nf8 22. Qxf8+ Kd7 23. Qxd8+ 1-0

[Event "Chigorin Vancouver inv (online)"]
[Site "chess.com"]
[Date "2020.12.13"]
[Round "1"]
[White "Kaufman, Raymond"]
[Black "Gedajlovic, Max"]
[Result "1-0"]
[WhiteElo "2364"]
[BlackElo "2329"]
[PlyCount "57"]
[GameId "2160767907635630"]
[EventDate "2020.12.13"]
[EventType "tourn (rapid)"]
[EventRounds "6"]
[EventCountry "CAN"]

1. d4 Nf6 2. c4 e6 3. Nc3 Bb4 4. f3 d5 5. a3 Bxc3+ 6. bxc3 c5 7. cxd5 Nxd5 8. dxc5 f5 9. Nh3 O-O 10. Nf2 Qf6 11. e4 Nc7 12. Qb3 Nc6 13. Be2 Na6 14. Bxa6 bxa6 15. O-O Rb8 16. Qa4 Rb5 17. c4 Ra5 18. Qxc6 Qxa1 19. Bd2 Rxa3 20. Qd6 Qf6 21. c6 Rb3 22. e5 Qh4 23. c5 Qc4 24. Bg5 a5 25. Rd1 a4 26. c7 a3 27. Qd8 Kf7 28. Qe7+ Kg8 29. Bf6 1-0